Movies Featuring Virtual Reality or Simulated Reality - Statistics

General Stats
  • This quiz has been taken 93 times
  • The average score is 7 of 16
Answer Stats
Year Director and/or Actor(s) Film % Correct
1999 Keanu Reeves The Matrix
93%
2010 Christopher Nolan, Leonardo DiCaprio Inception
75%
1982 Jeff Bridges Tron
69%
1990 Arnold Schwarzenegger, Sharon Stone Total Recall
65%
2009 James Cameron, Sam Worthington Avatar
61%
1998 Jim Carrey, Ed Harris The Truman Show
60%
2018 Steven Spielberg, Tye Sheridan Ready Player One
57%
2001 Cameron Crowe, Tom Cruise Vanilla Sky
38%
1992 Jeff Fahey, Pierce Brosnan The Lawnmower Man
31%
1999 David Cronenberg, Jude Law eXistenZ
25%
1995 Keanu Reeves Johnny Mnemonic
25%
2000 Jennifer Lopez, Vincent D'Onofrio The Cell
25%
1995 Kathryn Bigelow, Ralph Fiennes Strange Days
16%
2009 Bruce Willis Surrogates
15%
1995 Denzel Washington, Russell Crowe Virtuosity
15%
1999 Craig Bierko, Vincent D'Onofrio The Thirteenth Floor
9%
No matching quizzes found
Score Distribution
Percent of People with Each Score
Percentile by Number Answered
Your Score History
You have not taken this quiz